The Ultimate Real vs Fake Logo Quiz - Statistics

General Stats
  • This quiz has been taken 2,565 times
  • The average score is 8 of 13
Answer Stats
Question Answer % Correct
Which logo is correct?
79%
Which logo is correct?
76%
Which logo is correct?
75%
Which logo is correct?
74%
Which logo is correct?
73%
Which logo is correct?
71%
Which logo is correct?
71%
Which logo is correct?
59%
Which logo is correct?
58%
Which logo is correct?
54%
Which logo is correct?
54%
Which logo is correct?
51%
Which logo is correct?
47%
No matching quizzes found
Score Distribution
Percent of People with Each Score
Percentile by Number Answered
Your Score History
You have not taken this quiz